Normal view
MARC view
Entry Personal Name
001 - CONTROL NUMBER
- control field: 58481
003 - CONTROL NUMBER IDENTIFIER
- control field: dpl
005 - DATE AND TIME OF LATEST TRANSACTION
- control field: 20231109103932.0
008 - FIXED-LENGTH DATA ELEMENTS
- fixed length control field: 231109|| aca||aabn | a|a d
040 ## - CATALOGING SOURCE
- Original cataloging agency: dpl
- Transcribing agency: dpl
100 ## - HEADING--PERSONAL NAME
- Personal name: त्रिपाठी,सूर्यकांत "निराला"
670 ## - SOURCE DATA FOUND
- Source citation: Work cat.: (dpl)198865: त्रिपाठी,सूर्यकांत "निराला", अप्सरा/, 2022
